| 000 | 00831nam a2200241Ia 4500 | ||
|---|---|---|---|
| 003 | GCL | ||
| 008 | 140319s9999 xx 000 0 ara d | ||
| 040 |
_aGCL / _cGCL |
||
| 082 | 0 | 4 |
_a155.92 _bع ا |
| 100 | 1 | _aعبدالرحمن عيسوى | |
| 245 | 1 | 0 |
_aالاثار النفسية والاجتماعية للتليفزيون العربى / _cعبدالرحمن عيسوى |
| 250 | _aالاولى | ||
| 260 |
_aبيروت : _bدار النهضة العربية للطباعة والنشر ، _c1984 |
||
| 300 |
_a163ص ؛ _c24سم |
||
| 490 |
_aسلسلة علم النفس _v0 |
||
| 650 | 0 | 4 | _aعلم النفس |
| 650 | 0 | 4 | _aالتليفزيون |
| 650 | 0 | 4 | _aالسلوك |
| 650 | 0 | 4 | _aالشباب |
| 650 | 0 | 4 | _aالتأثير النفسى |
| 650 | 0 | 4 | _aالتأثيرات الاجتماعية |
| 942 |
_2ddc _cBK |
||
| 999 |
_c43422 _d43422 |
||